00410nam a2200145 a 4500008004100000020001500041050001800056100002400074245004300098246004700141260002300188350000900211700002400220700002000244120416s0000 ||||||||||||||||| || u a0889367922 aRA 644.M2 Net aCattani, Jacqueline10aNet gaincedited by Christian Lengeler aa new method for preventing malaria deaths aOttawabIDRCc1996 a0.00 aLengeler, Christian aDe Savigny, Don